LEADER 01341nam a2200229 i 4500 001 000000113200 003 CaOOAMICUS 005 20080929113829.0 008 080929s2000 xx m 000 b ita c 040 $aPUG$bita$dPUL$dLDA 100 1 $aIckx, Johan.$0(OLS)http://pul/name/69802 245 11$a"In attesa che Roma parli ..." :$bla causa di Gerard Casimir Ubaghs, professore all'Università Cattolica di Leuven, presso la S. Congregazione dell'Indice e la Suprema Congregazione del Sant'Offizio (1837-1867) /$cJohan Ickx. 260 $aRoma :$bPontificia Università Gregoriana,$c2000. 300 $aviii, 144 p. ;$c24 cm 500 $aIn testa al front.: Pontificia Universitas Gregoriana. Facultas Historiae Ecclesiasticae 502 $aEstratto Diss.(Doct.)--Pontificia Università Gregoriana, 2000. 504 $aBibliografia: pp. 1-20 850 $aPUL 852 $aPUL$W1$xDP1 Tesi Pon. Univ. Gregoriana$y40$mTH PUG 4776$j129351$qTesi$B128436$CPULBib$Z2$F128436 $82 941 1 $a16 996 $6245$a"In attesa che Roma parli ..." :$bla causa di Gerard Casimir Ubaghs, professore all'Università Cattolica di Leuven, presso la S. Congregazione dell'Indice e la Suprema Congregazione del Sant'Offizio (1837-1867)$9(OLS)http://pul/title/142246 996 $6260$aRoma :$bPontificia Università Gregoriana$9(OLS)http://pul/publisher/47853 LEADER 01357nam a2200301 a 4500 001 000000168013 003 CaOOAMICUS 005 20180605095559.0 008 180605s2012 be u000 u fre r 020 $z9782503544892* 032 $aLibriCat 040 $aPUL$bita 245 00$aEnoncer / dénoncer l?autre :$bdiscours et représentations du différend confessionnel à l'époque moderne /$csous la direction de Chrystel Bernat et Hubert Bost. 260 $aTurnhout :$bBrepols,$c©2012. 300 $a440 p. ;$c24 cm. 490 1 $aBibliothèque de l'Ecole des hautes études. Sciences religieuses ;$v151 504 $aInclude riferimenti bibliografici ed indice 600 14$aBost, Hubert.$0(OLS)http://pul/subject/45476 650 4$aConfessione.$0(OLS)http://pul/subject/3061 700 1 $aBernat, Chrystel.$0(OLS)http://pul/name/90918 830 0$aBibliothèque de l'Ecole des hautes études.$pSciences religieuses ;$v151.$0(OLS)http://pul/title/13429 850 $aPUL 852 $aPUL$W1$xSL Religione 1$y3$m52 I 151$j191668$qStampati$B195828$CPULBib$Z2$F195828 $H130882 $81 941 1 $a8 996 $6020$z9782503544892*$9(OLS)http://pul/number/164252 996 $6245$aEnoncer$9(OLS)http://pul/title/208175 996 $6260$aTurnhout :$bBrepols$9(OLS)http://pul/publisher/47850